|
|
|
|
| LEADER |
00000nab a2200000 a 4500 |
| 001 |
vtls001488642 |
| 003 |
SK-MaSNL |
| 005 |
20260426074124.0 |
| 008 |
050114c2004 xo sr|p|||||||000 b|slo |
| 015 |
|
|
|a SNBRB2005/01
|2 snkbucl
|
| 038 |
|
|
|a SNKBUCL
|
| 040 |
|
|
|a SNKBUCL
|b slo
|c SNKBUCL
|e AACR2
|
| 041 |
0 |
|
|a slo
|
| 044 |
|
|
|a xo
|c SK
|
| 080 |
|
|
|a 792.97
|x (437.6)
|2 UDC-MRF-SK2
|
| 100 |
1 |
|
|a Žabková, Soňa,
|d 1969-
|4 aut
|9 109981
|
| 245 |
1 |
0 |
|a Rodinná tradícia v bábkovom svete
|c Soňa Žabková
|
| 300 |
|
|
|b Fotogr.
|
| 650 |
0 |
7 |
|a bábkarstvo (divadelné umenie)
|2 snkbucl
|9 173302
|
| 651 |
|
7 |
|a Slovensko
|2 snkbucl
|9 14231
|
| 773 |
0 |
|
|t Verejná správa
|g Roč. 59, č. 25-26 (2004), s. 34x 1335-7883
|
| 852 |
|
|
|a SNK
|b KIS3GCP
|
| 999 |
|
|
|c 2725878
|d 2727808
|